| 000 | 00633 a2200181 4500 | ||
|---|---|---|---|
| 020 | _a012385251X | ||
| 040 |
_aDLC _bDLC |
||
| 100 | _aJerrays, Ahmed Amine | ||
| 245 | 0 | 0 |
_aMultiprocessor systems-on-chips _cAhmed Amine Jerrays and Wayne Wolf |
| 246 | 3 | _a Multiprocessor systems-on-chips | |
| 260 |
_aSan Francisco, Calif. : _bMorgan Kaufmann ; _aOxford : _bElsevier Science, _c2005. |
||
| 300 |
_axx, 581 p. : _bill. ; _c25 cm. |
||
| 650 | 0 |
_aSystems on a chip _xDesign and construction. |
|
| 650 | 0 |
_aMultiprocessors _xDesign and construction. |
|
| 700 | 1 | _aWolf, Wayne. | |
| 700 | 1 | _aJerraya, Ahmed A. | |
| 942 |
_cBK _k621.395 JER _2ddc |
||
| 999 |
_c9832 _d9832 |
||